[Event "BLR-ch sf"]
[Site "Minsk"]
[Date "2023.12.10"]
[Round "4"]
[White "Gasparian, Siarhei"]
[Black "Khakhlou, Arseni"]
[Result "0-1"]
[WhiteElo "1536"]
[BlackElo "1337"]
[PlyCount "76"]
[EventDate "2023.12.07"]
[EventType "swiss"]
[EventRounds "9"]
[EventCountry "BLR"]
[SourceTitle "CB51_2023"]
[SourceDate "2023.12.20"]
[SourceVersion "1"]
[SourceVersionDate "2023.12.20"]
[SourceQuality "1"]

1. d4 Nf6 2. Nf3 e6 3. g3 d5 4. Bg2 Bd6 5. 0-0 c5 6. dxc5 Bxc5 7. c4 Nc6 8. cxd5 exd5 9. Bg5 Be7 10. Nc3 Be6 11. Nd4 Qb6 12. Nxe6 fxe6 13. Qd2 Rd8 14. Rac1 h6 15. Bxf6 gxf6 16. Rfd1 Kf7 17. e3 h5 18. h4 f5 19. Ne2 Bf6 20. b3 Ne7 21. Rc2 e5 22. Rdc1 Rd7 23. Rc5 Rhd8 24. Qc2 Rd6 25. Rc7 Rc6 26. Rxc6 bxc6 27. Nc3 Kg7 28. Na4 Qb8 29. Qe2 Kg6 30. Bf3 Rh8 31. Qa6 f4 32. exf4 exf4 33. Kg2 fxg3 34. Qd3+ Nf5 35. Rxc6 gxf2 36. Bxd5 Qf4 37. Rc4 f1Q+ 38. Qxf1 Ne3+ 0-1

[Event "Minsk op"]
[Site "Minsk"]
[Date "2023.11.03"]
[Round "1"]
[White "Savchenko, Boris"]
[Black "Gasparian, Siarhei"]
[Result "1-0"]
[WhiteElo "2513"]
[BlackElo "1462"]
[PlyCount "77"]
[EventDate "2023.11.03"]
[EventType "swiss"]
[EventRounds "9"]
[EventCountry "BLR"]
[SourceTitle "CB46_2023"]
[SourceDate "2023.11.15"]
[SourceVersion "1"]
[SourceVersionDate "2023.11.15"]
[SourceQuality "1"]

1. d4 Nf6 2. Bf4 d5 3. e3 c5 4. c3 Nc6 5. Nd2 Bf5 6. Qb3 Qc8 7. Ngf3 c4 8. Qd1 h6 9. Ne5 e6 10. g4 Bh7 11. Bg2 Be7 12. 0-0 g5 13. Bg3 h5 14. gxh5 Nxe5 15. Bxe5 Rg8 16. Bxf6 Bxf6 17. e4 dxe4 18. Nxe4 Bxe4 19. Bxe4 g4 20. f4 Qc7 21. a4 0-0-0 22. a5 Rh8 23. Ra4 Rxh5 24. Qe2 Kb8 25. Rb4 b6 26. axb6 axb6 27. Ra1 Rdd5 28. Bxd5 Rxd5 29. Qxc4 Qb7 30. Rba4 Bd8 31. Ra8+ Qxa8 32. Rxa8+ Kxa8 33. Qc8+ Ka7 34. f5 Rd6 35. Kg2 exf5 36. Qxf5 Bc7 37. Qxf7 Kb8 38. Qg8+ Rd8 39. Qxg4 1-0